Écologie /

Guardado en:
Autor Corporativo: Centre national de la recherche scientifique (France)
Formato: Libro
Idioma:French
Publicado: Paris, 1950.
Series:Colloques internationaux ; 33
Etiquetas: Agregar Etiqueta
Sin Etiquetas, Sea el primero en etiquetar este registro!
LEADER 00629cam a22001691a 4500
001 EEA.libagro009549
005 20180615095424.0
008 790711s1950####fr#a#####b###f100#0#fre##
082 0 4 |a 574.5 
110 2 |a Centre national de la recherche scientifique (France) 
245 0 4 |a Écologie /  |c Paris, février 1950. 
260 |a Paris,  |c 1950. 
300 |a 347 p. :  |b il. ;  |c 25 cm. 
490 1 |a Colloques internationaux ;  |v 33 
504 |a Incluye referencias bibliográficas. 
810 2 |a Centre national de la recherche scientifique (France).  |t Colloques internationaux,  |v 33 
859 |a AR-BbBCA  |b BIB. AGRONOMIA  |h 574.5  |i C714 33  |p 1959/0555  |v 33  |3 33